| 000 | 01080nam a22002177a 4500 | ||
|---|---|---|---|
| 001 | 578 | ||
| 005 | 20230619084630.0 | ||
| 008 | 230619b cb ||||| |||| 00| 0 eng d | ||
| 020 | _a978-1-4749-2416-0 | ||
| 040 |
_aFISKH _beng _cFISKH _dFISKH |
||
| 082 | _a823.92 | ||
| 100 | _aDuggan, Helena | ||
| 245 |
_aA place called perfect / _bThey've got their eyes on you _cHelena Duggan |
||
| 260 |
_aLondon : _bUsborne. _c2017. |
||
| 300 |
_a364 pages ; _c20 cm |
||
| 505 | _aM | ||
| 520 | _aViolet never wanted to move to Perfect. Who wants to live in a town where everyone has to wear glasses to stop them going blind? And who wants to be neat and tidy and perfectly behaved all the time? Violet quickly discovers there's something weird going on in the town - she keeps hearing voices, her mam is acting strange and her dad has disappeared. When she meets Boy she realizes that her dad is not the only person to have vanished ... and that the mysterious Watchers are guarding a perfectly creepy secret! | ||
| 521 |
_a690
_bLexile |
||
| 521 |
_aM
_bRaz-Plus |
||
| 942 |
_2ddc _cBK _n0 |
||
| 999 |
_c578 _d578 |
||